00515nam a22001697a 450000500170000001000150001702000260003203500140005803700130007208200150008510000170010024500520011726000450016927000560021430000340027050000410030420161128111656.0 aENG-116676 a9789350502730c495.00 aEN-100208 bDBAD/PUB a305.800954 aOnkar Prasad aMusical cosmoliogy of santal /cby Onkar Prasad aDelhibB.R. Publishing Corporationc2016 a425,Nimri Colony,Ashok Vihar,Phase-VbDelhie110052 aix,75p. :c23cm(Hb)bill(map) aIncludes bibliographical references